| 000 | 01038nam a2200205 a 4500 | ||
|---|---|---|---|
| 001 | 000523867 | ||
| 003 | AM-YeHGA | ||
| 005 | 20250617152932.0 | ||
| 008 | 070228s1978 ||||||||||||||||||||rus d | ||
| 040 | _aAM-YeHGA | ||
| 245 | 0 | 0 |
_aРазвитие личности в условиях социализма / _cМ-во просвещения РСФСР. Владимир. гос. пед. ин-т им. П.И. Лебедева-Полянского ; Редкол.: Б.Ф. Киктев (отв. ред.) и др. |
| 260 |
_aВладимир : _bИзд-во Владимирского гос. пед. ин-та, _c1978. |
||
| 300 | _aвып. | ||
| 505 | 1 | 0 | _gВып. 4 (1978, 147 с.) |
| 650 | 1 | 4 | _aДиалектический и исторический материализм |
| 700 | 1 |
_aКиктев, Б.Ф _eред. _4edt |
|
| 710 | 2 | _aВладимирский государственный педагогический институт им. П.И. Лебедева-Полянского | |
| 942 |
_2udc _cBK |
||
| 090 | _c382746 | ||
| 999 |
_c380820 _d380820 |
||